| 000 | 01285nam0a22003131 4500 | ||
|---|---|---|---|
| 001 | v19\rc\1969878 | ||
| 005 | 20251118181054.0 | ||
| 035 | _a(NLR Aleph) 005052047 | ||
| 090 |
_a6904960 _c6904960 |
||
| 100 | _a20080428d1914 u y0rusy50 ca | ||
| 101 | 0 | _arus | |
| 102 | _aRU | ||
| 105 | _aab z ||||| | ||
| 200 | 1 |
_aИспользование семян хлопчатника в Средней Азии _fИнж.-техн. В.Г. Гофмейстер, инж.-химик з-дов Мургаб. государева имения, д. чл. Амер. хлопково-маслобойн. о-ва "The Interstate Cotton Seed Crushers, Association" _gГУЗ и З. Деп. земледелия |
|
| 210 |
_aСанкт-Петербург _cтип. В.Ф. Киршбаума (отд.) _d1914 |
||
| 215 |
_aXVI, 220 с., 12 л. ил., карт. _cил. _d24 |
||
| 320 | _aБиблиогр.: с. XIV-XV | ||
| 700 | 1 |
_aГофмейстер _bВ.Г. _gВладимир Генрихович |
|
| 801 | 0 |
_aRU _bNLR _gpsbo |
|
| 801 | 0 |
_aRU _bRuMoRGB _2psbo |
|
| 801 | 1 |
_aRU _bProSoft-M _2rusmarc |
|
| 852 |
_aNLR _j37.45.2.4 |
||
| 899 |
_aRuMoRGB _jV 11/207 |
||
| 899 |
_aRuMoRGB _jV 10/156 |
||
| 899 | _aБАН | ||
| 899 | _aНБ СПбГУ | ||
| 899 | _aНБ МГУ | ||
| 942 | _cBOOK | ||
| 980 | _aNB | ||